000 00571nam a22002057a 4500
999 _c1061
_d1061
003 OSt
005 20200714093659.0
008 200713b ||||| |||| 00| 0 eng d
020 _a9780521274562
020 _a0521274567
040 _cKABLIB
082 _223rd
_a536.7
_bADK
100 _aAdkins,C.J .
_93227
245 _aEqilibrium Thermodynamics /
_cC.J.Adkins.
250 _a3rd ed ;
260 _aLondon:
_aNew York :
_bCambridge University Press ;
_cc1983 .
300 _axiii,285 p. :ill(B&W);
_c23 cm.
500 _aIncludes;Index (P281-285)
942 _2ddc
_cBOOK